Compendio de los tests psicodiagnósticos / (Registro nro. 6647)

Detalles MARC
000 -LEADER
fixed length control field 01306nam a22002897a 4500
003 - CONTROL NUMBER IDENTIFIER
control field OSt
005 - DATE AND TIME OF LATEST TRANSACTION
control field 20200311135058.0
008 - FIXED-LENGTH DATA ELEMENTS--GENERAL INFORMATION
fixed length control field 200311s1962 ag a|||fr|||| 00| 0 spa d
040 ## - CATALOGING SOURCE
Original cataloging agency CO-JMCR
Transcribing agency CO-JMCR
041 10 - LANGUAGE CODE
Language code of text/sound track or separate title spa
Language code of original Yo
082 04 - DEWEY DECIMAL CLASSIFICATION NUMBER
Classification number 153.93 /
Item number H656c
100 1# - MAIN ENTRY--PERSONAL NAME
Personal name Hiltman, Hildergard,
Relator term autor
9 (RLIN) 1410
245 10 - TITLE STATEMENT
Title Compendio de los tests psicodiagnósticos /
Statement of responsibility, etc. Hildegard Hiltmann ; traducción de Juan Jorge Thomas ; prólogo y revisión de Emilio Mira y López
260 ## - PUBLICATION, DISTRIBUTION, ETC.
Place of publication, distribution, etc. Buenos Aires :
Name of publisher, distributor, etc. Editorial Kapelusz,
Date of publication, distribution, etc. 1962
300 ## - PHYSICAL DESCRIPTION
Extent xiv, 190 páginas :
Other physical details ilustraciones a blanco y negro ;
Dimensions 21 cm.
490 0# - SERIES STATEMENT
Series statement Biblioteca de psicología contemporánea
500 ## - GENERAL NOTE
General note Incluye notas a pie de página.
500 ## - GENERAL NOTE
General note Título original: Kompendium der psychodiagnostischen test
505 0# - FORMATTED CONTENTS NOTE
Formatted contents note Test de rendimiento -- Tests evolutivos -- Test de madurez escolar -- Test de intereses -- Cuestionarios de personalidad -- Test de despliegue (proyección) -- Métodos varios
546 ## - LANGUAGE NOTE
Language note Traducido del alemán
650 14 - SUBJECT ADDED ENTRY--TOPICAL TERM
Topical term or geographic name entry element Medición de rendimientos
General subdivision test
9 (RLIN) 1411
650 14 - SUBJECT ADDED ENTRY--TOPICAL TERM
Topical term or geographic name entry element Diagnósticos de rendimiento
General subdivision test
9 (RLIN) 1412
650 14 - SUBJECT ADDED ENTRY--TOPICAL TERM
Topical term or geographic name entry element Cuestionamiento de personalidad
9 (RLIN) 1413
700 1# - ADDED ENTRY--PERSONAL NAME
Personal name Thomas, Juan Jorge,
Relator term traductor
9 (RLIN) 1414
700 1# - ADDED ENTRY--PERSONAL NAME
Personal name Mira y López, Emilio,
Relator term prologuista
9 (RLIN) 1415
942 ## - ADDED ENTRY ELEMENTS (KOHA)
Source of classification or shelving scheme Dewey Decimal Classification
Koha item type Books

No hay ítems disponibles.